Norma Chilena Oficial NCh 2333 Of98
Tallennettuna:
| Yhteisötekijät: | , |
|---|---|
| Aineistotyyppi: | Kirja |
| Kieli: | espanja |
| Julkaistu: |
Santiago
Instituto Nacional de Normalización
1998
|
| Painos: | 1a. ed |
| Aiheet: | |
| Tagit: |
Lisää tagi
Ei tageja, Lisää ensimmäinen tagi!
|
MARC
| LEADER | 00000nam a2200000 a 4500 | ||
|---|---|---|---|
| 001 | UCK5837 | ||
| 003 | CL-VaPUC | ||
| 008 | 050826e19980000CL |||||||||||||||||spa|d | ||
| 082 | 0 | 4 | |a 620.196 |b INS |2 21 |
| 110 | 2 | |a Instituto Nacional de Normalización |e author |9 494821 | |
| 710 | 2 | |a INN |e author |9 494822 | |
| 245 | 1 | 0 | |a Norma Chilena Oficial NCh 2333 Of98 |
| 246 | 1 | 0 | |a Asfaltos - Determinación de la densidad y la densidad relativa |
| 250 | |a 1a. ed | ||
| 300 | |a 6 p | ||
| 942 | |c BK | ||
| 945 | |d 20050826 00:00:00 |a cmena | ||
| 260 | |a Santiago |b Instituto Nacional de Normalización |c 1998 | ||
| 650 | 7 | |a MATERIALES BITUMINOSOS |2 CL-VaPUC |9 494823 | |
| 650 | 7 | |a ENSAYOS DE LABORATORIO |2 CL-VaPUC |9 262663 | |
| 650 | 0 | |a Control de calidad |9 259714 | |
| 650 | 0 | |a Normalización |9 262666 | |
| 583 | |a last modification |c 20050826 00:00:00 |k Rodrigo Vera | ||
| 999 | |c 314289 |d 314287 | ||